[Event "Riva del Garda op 2nd"]
[Site "Riva del Garda"]
[Date "2004.12.27"]
[Round "3"]
[White "Bressanelli, Roberto"]
[Black "Horn, Peter"]
[Result "1/2-1/2"]
[WhiteElo "2083"]
[BlackElo "2172"]
[PlyCount "133"]
[EventDate "2004.12.26"]
[EventType "swiss"]
[EventRounds "7"]
[EventCountry "ITA"]
[SourceTitle "CBM 104 Extra"]
[Source "ChessBase"]
[SourceDate "2005.03.01"]
[SourceVersion "1"]
[SourceVersionDate "2005.03.01"]
[SourceQuality "1"]

1. e4 d5 2. exd5 Qxd5 3. Nc3 Qa5 4. d4 c6 5. Nf3 Nf6 6. Bc4 Bf5 7. 0-0 e6 8. Bd3 Nbd7 9. Ne2 Bxd3 10. Qxd3 Bd6 11. Bf4 Bxf4 12. Nxf4 g5 13. Ne2 g4 14. Nd2 0-0-0 15. Nc4 Qc7 16. Qg3 Nb6 17. Qxc7+ Kxc7 18. Ne5 Rhf8 19. f3 Nbd7 20. Nxg4 Nd5 21. c4 Ne7 22. Ne3 Nf6 23. Rfd1 h5 24. Rac1 a5 25. Nf4 Rd7 26. d5 exd5 27. cxd5 Ng6 28. Nxg6 fxg6 29. dxc6 Rxd1+ 30. Rxd1 Kxc6 31. Nc4 Kb5 32. Nd6+ Kc6 33. Nc4 Kb5 34. b3 Kb4 35. Rd3 a4 36. Nd6 b5 37. a3+ Kxa3 38. Nxb5+ Kb4 39. bxa4 Kxa4 40. Nc3+ Kb4 41. Ne2 Kc5 42. Nf4 Rg8 43. Ne6+ Kc6 44. Kf2 Nd5 45. h4 Re8 46. Rxd5 Rxe6 47. Rd3 Re5 48. Kg3 Rf5 49. Kh3 Kc7 50. g4 hxg4+ 51. Kxg4 Re5 52. f4 Rf5 53. Re3 Kd7 54. Re5 Rf8 55. Kg5 Kd6 56. Ra5 Rh8 57. Ra6+ Ke7 58. Rxg6 Ra8 59. f5 Ra1 60. Re6+ Kf7 61. Re4 Ra8 62. Re6 Ra1 63. Re4 Ra8 64. Rb4 Rg8+ 65. Kf4 Rg1 66. Ke5 Re1+ 67. Re4 1/2-1/2

[Event "Mislata op-A 11th"]
[Site "Mislata"]
[Date "2003.08.20"]
[Round "2"]
[White "Garcia Roman, Daniel"]
[Black "Bressanelli, Roberto"]
[Result "1/2-1/2"]
[WhiteElo "2356"]
[BlackElo "2090"]
[PlyCount "94"]
[EventDate "2003.08.19"]
[EventType "swiss"]
[EventRounds "9"]
[EventCountry "ESP"]
[SourceTitle "CBM 095 Extra"]
[Source "ChessBase"]
[SourceDate "2003.09.04"]
[SourceVersion "1"]
[SourceVersionDate "2003.09.04"]
[SourceQuality "1"]

1. c4 c5 2. Nc3 Nf6 3. Nf3 d5 4. cxd5 Nxd5 5. g3 g6 6. Bg2 Bg7 7. 0-0 0-0 8. d4 cxd4 9. Nxd4 Nxc3 10. bxc3 a6 11. Qb3 Qc7 12. Rb1 Nd7 13. Ba3 Re8 14. Rfd1 e6 15. e3 Bf8 16. Bxf8 Rxf8 17. h4 Rb8 18. h5 Nc5 19. Qb4 Bd7 20. Nf3 f6 21. Bh3 Kf7 22. h6 Rbd8 23. Rd2 Bc8 24. Rbd1 Rxd2 25. Rxd2 b5 26. Qd4 Bb7 27. Ng5+ Kg8 28. Nxe6 Qc6 29. e4 Nxe6 30. Qd7 Re8 31. Qxc6 Bxc6 32. Rd6 Ng5 33. Rxc6 Nxh3+ 34. Kg2 Ng5 35. f3 Ra8 36. Rxf6 Nf7 37. Rc6 Nxh6 38. g4 Ra7 39. g5 Nf7 40. f4 Kg7 41. e5 h6 42. e6 hxg5 43. exf7 gxf4 44. Rxg6+ Kxf7 45. Rc6 a5 46. Rb6 b4 47. cxb4 axb4 1/2-1/2

[Event "Verona op 3rd"]
[Site "Verona"]
[Date "1997.??.??"]
[Round "7"]
[White "Bressanelli, Roberto"]
[Black "Genocchio, Daniele"]
[Result "0-1"]
[WhiteElo "2140"]
[BlackElo "2175"]
[PlyCount "82"]
[EventDate "1997.??.??"]
[EventType "swiss"]
[EventRounds "7"]
[EventCountry "ITA"]
[SourceTitle "CBM 056 Extra"]
[Source "ChessBase"]
[SourceDate "1997.03.01"]
[SourceVersion "1"]
[SourceVersionDate "1997.03.01"]
[SourceQuality "1"]

1. e4 c5 2. b4 cxb4 3. a3 bxa3 4. Nxa3 Nc6 5. Bb2 e6 6. d4 d5 7. e5 Bd7 8. Nf3 a6 9. c4 Bb4+ 10. Nd2 dxc4 11. Naxc4 b5 12. Ne3 Bc8 13. Bxb5 Bb7 14. Ba4 Nge7 15. 0-0 0-0 16. Nc2 Rb8 17. Nxb4 Nxb4 18. Qg4 a5 19. Ne4 Nf5 20. Nf6+ Kh8 21. Nd7 Rg8 22. Nxb8 Qxb8 23. Ra3 Ne7 24. Bc1 Qa8 25. Bd1 Nf5 26. Bf3 Nc2 27. Bxb7 Qxb7 28. Rxa5 Ncxd4 29. Rd1 Rc8 30. Be3 Nc6 31. Rc5 h6 32. Rdc1 Nce7 33. Qc4 Rd8 34. Rc7 Qb2 35. Qc3 Qb5 36. g4 Nd5 37. Qc2 Ndxe3 38. fxe3 Nxe3 39. Qc5 Qe2 40. Qc6 Rd5 41. Rc8+ Kh7 0-1

[Event "Verona op 3rd"]
[Site "Verona"]
[Date "1997.??.??"]
[Round "1"]
[White "Martorelli, Antonio"]
[Black "Bressanelli, Roberto"]
[Result "1-0"]
[WhiteElo "2365"]
[BlackElo "2140"]
[PlyCount "43"]
[EventDate "1997.??.??"]
[EventType "swiss"]
[EventRounds "7"]
[EventCountry "ITA"]
[SourceTitle "CBM 056 Extra"]
[Source "ChessBase"]
[SourceDate "1997.03.01"]
[SourceVersion "1"]
[SourceVersionDate "1997.03.01"]
[SourceQuality "1"]

1. e4 e5 2. Nc3 Bc5 3. Bc4 Nf6 4. d3 d6 5. Nf3 Nc6 6. Bg5 h6 7. Bxf6 Qxf6 8. Nd5 Qd8 9. c3 Na5 10. b4 Nxc4 11. bxc5 Na5 12. cxd6 cxd6 13. d4 exd4 14. Nxd4 Bd7 15. 0-0 0-0 16. Rb1 b6 17. Nf5 Bxf5 18. exf5 Qg5 19. f6 Rad8 20. h4 Qxh4 21. Rb4 Nc4 22. g3 1-0

[Event "Milan Crespi op 16th"]
[Site "Milan"]
[Date "1995.12.??"]
[Round "7"]
[White "Mordiglia, Riccardo"]
[Black "Bressanelli, Roberto"]
[Result "1-0"]
[WhiteElo "2015"]
[BlackElo "1906"]
[PlyCount "55"]
[EventDate "1995.12.07"]
[EventType "swiss"]
[EventRounds "7"]
[EventCountry "ITA"]
[SourceTitle "EXT 2023"]
[Source "ChessBase"]
[SourceDate "2022.10.05"]
[SourceVersion "1"]
[SourceVersionDate "2022.10.05"]
[SourceQuality "1"]

1. e4 e5 2. Nf3 Nc6 3. Bc4 Bc5 4. c3 Nf6 5. d4 exd4 6. b4 Be7 7. e5 Ng4 8. Bf4 d6 9. exd6 Bxd6 10. Qe2+ Qe7 11. Bxd6 Qxe2+ 12. Bxe2 cxd6 13. b5 Na5 14. Nxd4 Ne5 15. Nd2 d5 16. f4 Nd7 17. Bf3 Nb6 18. Kf2 0-0 19. N2b3 Nxb3 20. axb3 a6 21. Ra5 Rd8 22. Rha1 Rd6 23. Be2 Nd7 24. Nf5 Rf6 25. Ne7+ Kf8 26. Nxd5 Rf5 27. bxa6 bxa6 28. Bg4 1-0